Wildlife ethics: The ethics of wildlife management and conservation (Record no. 395037)
[ view plain ]
| 000 -LEADER | |
|---|---|
| fixed length control field | 00731 a2200253 4500 |
| 005 - DATE & TIME | |
| control field | 20260121105536.0 |
| 008 - FIXED-LENGTH DATA ELEMENTS--GENERAL INFORMATION | |
| fixed length control field | 260119b |||||||| |||| 00| 0 eng d |
| 020 ## - ISBN | |
| International Standard Book Number | 9781119611219 |
| Price | $ 140.00 |
| 040 ## - CATALOGING SOURCE | |
| Original cataloging agency | VIVEKANANDA LIBRARY |
| 082 ## - DDC NUMBER | |
| Classification number | 333.95416 |
| Book Number | P183W |
| 100 ## - MAIN ENTRY--PERSONAL NAME | |
| Personal name | Palmer, Clare |
| 245 ## - TITLE STATEMENT | |
| Title | Wildlife ethics: The ethics of wildlife management and conservation |
| 260 ## - PUBLICATION, DISTRIBUTION, ETC. (IMPRINT) | |
| Name of publisher, distributor, etc | Wiley Blackwell |
| Date of publication, distribution, etc | 2023 |
| Place of publication, distribution, etc | Hoboken |
| 300 ## - PHYSICAL DESCRIPTION | |
| Pages | x, 288 |
| 440 ## - Series Statement | |
| Series Title | The universities federation for animal welfare |
| 650 ## - Subject | |
| Subject | Wild Management |
| 650 ## - Subject | |
| Subject | Wildlife Classification |
| 650 ## - Subject | |
| Subject | Ecosystems |
| 700 ## - Added Entry Personal Name | |
| Added Entry Personal Name | Fischer, Bob |
| 700 ## - Added Entry Personal Name | |
| Added Entry Personal Name | Gamborg, Christian |
| 700 ## - Added Entry Personal Name | |
| Added Entry Personal Name | Hampton, Jordan |
| 700 ## - Added Entry Personal Name | |
| Added Entry Personal Name | Sandoe, Peter |
| 942 ## - ADDED ENTRY ELEMENTS (KOHA) | |
| Koha item type | Books |
| Withdrawn status | Lost status | Source of classification or shelving scheme | Damaged status | Not for loan | Location (home branch) | Sublocation or collection (holding branch) | Shelving location | Date acquired | Koha issues (times borrowed) | Koha full call number | Accession No. | Koha date last seen | Koha item type |
|---|---|---|---|---|---|---|---|---|---|---|---|---|---|
| Dewey Decimal Classification | VIVEKANANDA LIBRARY | VIVEKANANDA LIBRARY | Vivekananda Library | 06/01/2026 | 333.95416 P183W | 444172 | 06/01/2026 | Books |
